Szczegóły MARC21

Leksykon pisarzy świata : XX wiek. [2], Suplement /

003 -Nazwa inst., której nr kontr. jest w polu 001 [,]
    • @
    • Nazwa instytucji, której n kontrolny jest w polu 001
    • NUKAT
005 -DATA I CZAS OSTATNIEJ MODYFIKACJI [,]
    • @
    • pole kontrolne
    • 20241231113342.0
020 -Międzynarod. znormalizowany nr książki - ISBN [ , ]
    • a
    • Numer ISBN
    • 839002733X Find
    • q
    • Dopowiedzenie
    • supl.
040 -Instytucja sporządzająca opis [ , ]
    • a
    • Instytucja, która sporządziła opis (NP)
    • TOR U/lf
    • c
    • Instytucja, która sporządziła rekord (NP)
    • TOR U/lf
    • d
    • Instytucja, która zmodyfikowała rekord (P)
    • TOR U/LF
    • d
    • Instytucja, która zmodyfikowała rekord (P)
    • WR O/ISs
942 -Rodzaj dokumentu [ , ]
    • c
    • Rodzaj dokumentu
    • Książka
245 -Strefa tytułu i oznaczenia odpowiedzialności [0,0]
    • a
    • Tytuł
    • Leksykon pisarzy świata : Find
    • b
    • Ciąg dalszy tytułu (NP)
    • XX wiek. Find
    • n
    • Oznaczenie części (P)
    • [2],
    • p
    • Nazwa części (P)
    • Suplement /
    • c
    • Pozostałe elementy strefy tytułu i oznaczenia odpowiedzialności (NP)
    • [oprac. zespół red. "Literatura na Świecie" pod kierunkiem Wacława Sadkowskiego].
260 -Strefa adresu wydawniczego [ , ]
    • a
    • Miejsce wydania (P)
    • Warszawa :
    • b
    • Nazwa wydawcy (P)
    • Fundacja "Literatura Światowa",
    • c
    • Data wydania (P)
    • 1993.
300 -Strefa opisu fizycznego [ , ]
    • a
    • Określenie formy książki i/lub objętość (NP)
    • 217, [3] s. ;
    • c
    • Format (NP)
    • 21 cm.
336 -Typ zawartości [ , ]
    • a
    • Termin opisujący typ zawartości
    • Tekst
    • b
    • Kod określający zawartość
    • txt
    • 2
    • Źródło (terminu i kodu)
    • rdacontent
337 -Typ mediów [ , ]
    • a
    • Tryb odtwarzania
    • Bez urządzenia pośredniczącego
    • b
    • Kod typu mediów
    • n
    • 2
    • Źródło (terminu i kodu)
    • rdamedia
338 -Typ/rodzaj nośnika [ , ]
    • a
    • Hasło opisujące typ nośnika
    • Wolumin
    • b
    • Kod typu nośnika
    • nc
    • 2
    • Źródło (terminu i kodu)
    • rdacarrier
504 -Uwaga dot. bibliogr. załącznikowej [ , ]
    • a
    • Uwaga dot. bibliografii załącznikowej
    • Indeks.
650 -Hasło przedmiotowe [ ,7]
    • a
    • Hasło przedmiotowe
    • Pisarze
    • y
    • Określnik chronologiczny
    • 20 w.
    • v
    • Określnik formalny
    • biografie
    • v
    • Określnik formalny
    • słowniki.
    • 2
    • Źródło terminu
    • kaba
    • 9
    • KHW
    • 496307
700 -Hasło dodatkowe - nazwa osobowa [1, ]
    • a
    • Nazwa osobowa (NP)
    • Sadkowski, Wacław Find
    • d
    • Daty biograficzne (NP)
    • (1933-2023).
    • e
    • Określenie rodzaju współpracy
    • Red.
    • 9
    • KHW
    • 17925
920 -ISBN [ , ]
    • a
    • ISBN
    • 83-900273-3-X Find
    • q
    • Dopowiedzenie
    • supl.
Sygnatura Status udost. Numer inwentarzowy Lokalizacja Data inwentaryzacji
 -3W.182091BG1995-03-10
Z.83034-3Z.84570BG1995-03-10
 -3W.182090BG1995-03-10
POL. Lit. powszechna – słowniki 021P.11675BM1995-03-10
 1P.13174BM1997-03-07
 -3G.12594BM1997-03-07
 2F.26752BNS1997-03-18